00450 2200181 4500001002100000005001500021035002000036245004500056100001900101250000600120856004500126260003900171082000800210084001400218600001000232990001300242990001300255INLIS00000000000160320250424082643 a0010-04250000191 aMisteri Hutan Larangan /cPilemon Gunena0 aPilemon Gunena a1 aRuang Baca Umum No Klas 800 ( Rak 3,4,5) aJakarta :bPT. Dian Ariesta,c2002 a813 a813 PIL m 4aFiksi a03.20113 a03.20114